| 000 | 00549nam a2200205Ia 4500 | ||
|---|---|---|---|
| 005 | 20250508150826.0 | ||
| 008 | 008 250505s9999 xx 000 0 eng d | ||
| 037 | _aTextual | ||
| 040 |
_aFEDL _beng _cFEDL |
||
| 041 |
_aeng _2eng |
||
| 084 |
_a530, RAY _qFEDL |
||
| 100 |
_aRay-Chaudhuri D P _9757748 |
||
| 245 | 0 | _aIntroduction to physics | |
| 260 |
_aCalcutta, India _bA. Mukherjee & Co. Pvt. Ltd. |
||
| 300 | _aviii,179p | ||
| 365 | _aGifted | ||
| 650 | _aPhysics | ||
| 942 |
_cTEXL _h530, RAY |
||
| 999 |
_c1325901 _d1325901 |
||